Disputa prófétikus esztétika - szocialista realizmus
Elmentve itt :
| Szerző: | |
|---|---|
| További közreműködők: | |
| Adatforrás: | Philobibl |
| Forrásdokumentuma: | Forum 4.1949:3. p. 230-233. |
| Dokumentumtípus: | Cikk |
| Nyelv: | magyar |
| Kulcsszavak: | esztétika realizmus filozófia, marxista |
| Online elérés: | előfizetéssel hozzáférhető |
| LEADER | 00567nab a2200157 c 4500 | ||
|---|---|---|---|
| 001 | bibPHI0037438 | ||
| 005 | 20230908123146.4 | ||
| 008 | 100402s1949 hu hun | ||
| 100 | 1 | |a Király István | |
| 245 | 1 | 0 | |a Disputa |b prófétikus esztétika - szocialista realizmus |c Király István, Z. Pintér József |
| 695 | |a esztétika | ||
| 695 | |a realizmus | ||
| 695 | |a filozófia, marxista | ||
| 700 | 1 | |a Pintér József, Z. | |
| 773 | 0 | |t Forum |g 4.1949:3. p. 230-233. | |
| 856 | 4 | 1 | |3 Full text |u https://adt.arcanum.com/hu/view/Forum_1949/?pg=247&layout=s |z előfizetéssel hozzáférhető |